[Event "Olympiad Women 2024"]
[Site "Budapest HUN"]
[Date "2024.09.14"]
[Round "4.27"]
[Board "3"]
[White "Contreras Huaman, Fiorella"]
[Black "Nassr, Rania"]
[Result "1/2-1/2"]
[WhiteElo "2168"]
[BlackElo "1866"]
[PlyCount "105"]
[EventDate "2024.09.11"]
[WhiteTeam "Peru"]
[BlackTeam "Algeria"]
[WhiteTeamCountry "PER"]
[BlackTeamCountry "ALG"]

1. e4 c5 2. Nc3 e6 3. g3 Nc6 4. Bg2 g6 5. d3 Bg7 6. Be3 d6 7. Qd2 a6 8. f4 Nge7 9. Nf3 Nd4 10. O-O O-O 11. Nd1 d5 ({RR} 11... b6 12. Nh4 Rb8 13. c3 Ndc6 14. f5 exf5 15. exf5 gxf5 16. Bh6 Bxh6 17. Qxh6 Ne5 18. Ne3 Ng4 19. Nxg4 fxg4 20. Rf6 Ng6 21. Nxg6 hxg6 22. Rxg6+ fxg6 23. Qxg6+ Kh8 24. Qh6+ Kg8 25. Bd5+ Rf7 26. Bxf7+ {1-0 Quesada Perez,Y (2534)-Alonso Alvarez,A (2306) ESP-chT CECLUB Div1 2018 (7.4)}) ({RR} 11... b5 12. c3 Nxf3+ 13. Bxf3 Rb8 14. d4 cxd4 15. Bxd4 e5 16. Ba7 Rb7 17. Bf2 Rd7 18. Ne3 Bb7 19. Nd5 Nxd5 20. exd5 Bh6 21. Be3 Re7 22. f5 Bxe3+ 23. Qxe3 f6 24. Be4 gxf5 25. Rxf5 Bc8 26. Rh5 {0-1 Cocquyt,T (2024)-Piceu,T (2325) TCh-BEL 2022-23 (6.3)}) 12. e5 $146 ({RR} 12. Bxd4 cxd4 13. e5 Qb6 14. Qf2 f6 15. Qxd4 Qxd4+ 16. Nxd4 fxe5 17. Ne2 Bd7 18. c4 dxc4 19. dxc4 Bc6 20. Ndc3 Bxg2 21. Kxg2 Nf5 22. Kf3 exf4 23. gxf4 Rac8 24. b3 b5 25. Rac1 bxc4 26. bxc4 Rxc4 {0-1 Tamra,A (2070)-Al Ghamdi,A Asia zt 3.1 Doha 2013 (7)}) ({RR} 12. c3 Nxf3+ 13. Bxf3 d4 14. cxd4 cxd4 15. Bf2 Bd7 16. b3 Bc6 17. Nb2 b5 18. Rac1 Qd7 19. Qe2 Rac8 20. Rc2 Bb7 21. Rfc1 Rxc2 22. Rxc2 Rc8 23. Be1 Nc6 24. a4 Bf8 25. h4 Nb4 26. Rxc8 Qxc8 {½-½ Markovic,R (1767)-Jovovic,M (2042) Sarajevo Bosna op 48th 2018 (7)}) 12... Nxf3+ 13. Bxf3 Qc7 14. b4 b6 15. bxc5 bxc5 16. Qc3 Bb7 17. Qxc5 Rfc8 18. Qxc7 Rxc7 19. Rb1 Bc6 20. Rf2 Rac8 21. c3 Bb5 22. Rd2 f6 23. Bg4 Kf7 24. Bd4 f5 25. Be2 g5 26. Bb6 Rc6 27. Be3 gxf4 28. gxf4 Ng6 29. Bh5 Bh6 30. Rb4 Bf8 31. Rb1 Bh6 32. Kf2 Kg7 33. Kf3 Kf7 34. Bd4 Ke7 35. Bxg6 hxg6 36. Nb2 R6c7 37. Rg1 Rg8 38. h4 Be8 39. Nd1 Kf7 40. Rb2 Bb5 41. Nf2 Bf8 42. Ra1 Be7 43. Rh1 Rh8 44. Kg3 Rh5 45. Rh3 Rc8 46. Rb1 Rch8 47. Rbh1 Rb8 48. Rb1 Rbh8 49. Rbh1 Rb8 50. Rb1 Rbh8 51. Rbh1 Rb8 52. Rb1 Rbh8 53. Rbh1 1/2-1/2

[Event "Olympiad Women 2024"]
[Site "Budapest HUN"]
[Date "2024.09.14"]
[Round "4.27"]
[Board "4"]
[White "Djerroud, Chahrazed"]
[Black "Garcia Andrada, Heidy Nicole"]
[Result "0-1"]
[WhiteElo "1910"]
[BlackElo "2003"]
[PlyCount "76"]
[EventDate "2024.09.11"]
[WhiteTeam "Algeria"]
[BlackTeam "Peru"]
[WhiteTeamCountry "ALG"]
[BlackTeamCountry "PER"]

1. e4 c5 2. Nf3 e6 3. d4 cxd4 4. Nxd4 a6 5. c4 Nf6 6. Nc3 Bb4 7. Bd3 Nc6 8. Nxc6 dxc6 9. O-O e5 10. a3 ({RR} 10. Qe2 O-O 11. a3 Bc5 12. Be3 Bd4 13. Bxd4 exd4 14. Na4 Re8 15. b4 a5 16. c5 axb4 17. axb4 Bg4 18. f3 Be6 19. Qd2 Qc7 20. Nb6 Rad8 21. Qg5 h6 22. Qg3 Qe7 23. Qh4 Qc7 24. Qg3 Qe7 {½-½ Corrales Jimenez,F (2559)-Caruana,F (2828) PRO League Stage rapid 2019 (4)}) ({RR} 10. Qe2 O-O 11. Bg5 h6 12. Bh4 Bc5 13. Rad1 Qe7 14. Kh1 g5 15. Bg3 Bg4 16. f3 Bh5 17. Bf2 Rad8 18. Bxc5 Qxc5 19. Na4 Qb4 20. b3 b5 21. Nb2 Qa3 22. Bb1 Rfe8 23. Rxd8 Rxd8 24. Nd1 Bg6 {½-½ Arat,U (2389)-Melian,J (2314) Titled Tue 11th Apr Early 2023 (10)}) 10... Bd6 $146 ({RR} 10... Bc5 11. Kh1 Ng4 12. Qf3 Qh4 13. h3 Nxf2+ 14. Kh2 O-O 15. Nd1 Bg4 16. Bg5 Qh5 17. Qg3 Bxd1 18. Raxd1 Nxd1 19. Be2 Qxe2 20. Bh6 g6 21. Qxe5 f6 22. Rxf6 Rxf6 23. Qxf6 Bg1+ 24. Kh1 Nf2+ 25. Kxg1 {0-1 Navarro Alvarez,A (2130)-Fortes Gil,J (2175) Barcelona Rubi op 4th 2003 (7)}) ({RR} 10... Be7 11. h3 O-O 12. Be3 Qc7 13. Qe2 Rd8 14. Na4 Nd7 15. Rac1 b6 16. Bb1 Bb7 17. Ba2 c5 18. Nc3 Nf6 19. Qf3 Rd7 20. Nd5 Bxd5 21. cxd5 Qd6 22. Bd2 Rc7 23. Bc3 Nd7 24. Qg3 Bf6 25. f4 {1-0 Nicholas,K (2093)-Pearce,R (2161) BCF-chT2 0001 (4NCL) 2000 (3.7)}) 11. b4 O-O 12. c5 Bc7 13. h3 Qe7 14. Qc2 Nh5 15. Ne2 Qh4 16. Kh2 Re8 17. Ng1 h6 18. g3 Qe7 19. Qe2 Nf6 20. Nf3 g5 21. h4 Nh7 22. Kg2 Bg4 23. Qe3 f6 24. Bc4+ Kg7 25. Nh2 Bd7 26. g4 Nf8 27. h5 Be6 28. Qb3 Qf7 29. Bxe6 Nxe6 30. Kg3 Rad8 31. Bb2 Rd7 32. Rfd1 Red8 33. Nf1 Nf4 34. Qxf7+ Kxf7 35. Ne3 b6 36. Rxd7+ Rxd7 37. Nf5 Rd3+ 38. f3 Rd2 0-1

[Event "Olympiad Women 2024"]
[Site "Budapest HUN"]
[Date "2024.09.14"]
[Round "4.28"]
[Board "1"]
[White "Ptacnikova, Lenka"]
[Black "Medic, Mirjana"]
[Result "1/2-1/2"]
[WhiteElo "2065"]
[BlackElo "2101"]
[PlyCount "60"]
[EventDate "2024.09.11"]
[WhiteTeam "Iceland"]
[BlackTeam "Croatia"]
[WhiteTeamCountry "ISL"]
[BlackTeamCountry "CRO"]

1. Nf3 d5 2. g3 Nf6 3. Bg2 c6 4. b3 Bf5 5. Bb2 Nbd7 6. d3 h6 7. Nbd2 e6 8. O-O Qc7 9. c4 Be7 10. cxd5 exd5 11. e4 dxe4 12. dxe4 Be6 13. e5 $146 ({RR} 13. Nd4 h5 14. Nxe6 fxe6 15. Qc2 e5 16. Nf3 Ng4 17. h3 Nh6 18. Qc4 O-O-O 19. Qe6 Bf6 20. Rfd1 Rhe8 21. Qc4 g5 22. Nd2 h4 23. g4 Nf8 24. Qc5 Kb8 25. Nc4 Ne6 26. Qxe5 Bxe5 27. Bxe5 Nf7 {0-1 Cordes,K (2253)-Steingraeber,K (2169) Hannover Ihme Cup 2013 (5)}) 13... Nd5 14. Nd4 Nc5 15. Nxe6 Nxe6 16. Nc4 O-O-O 17. Qe2 Rd7 18. a3 Rhd8 19. Rac1 Nb6 20. Bh3 Nxc4 21. Qxc4 Rd5 22. b4 Kb8 23. Bg2 Rd2 24. Bc3 R2d7 25. Bh3 Rd5 26. Bg2 R5d7 27. Bh3 Rd5 28. Bg2 R5d7 29. Bh3 Rd5 30. Bg2 R5d7 1/2-1/2

[Event "Olympiad Women 2024"]
[Site "Budapest HUN"]
[Date "2024.09.14"]
[Round "4.28"]
[Board "2"]
[White "Berke, Ana"]
[Black "Johannsdottir, Johanna Bjorg"]
[Result "1-0"]
[WhiteElo "2093"]
[BlackElo "2013"]
[PlyCount "73"]
[EventDate "2024.09.11"]
[WhiteTeam "Croatia"]
[BlackTeam "Iceland"]
[WhiteTeamCountry "CRO"]
[BlackTeamCountry "ISL"]

1. e4 c5 2. Nf3 Nc6 3. Bb5 Nf6 4. e5 Nd5 5. Nc3 Nc7 6. Bxc6 dxc6 7. O-O g6 8. Re1 Bg7 9. Ne4 Ne6 10. d3 O-O 11. Be3 b6 12. Qd2 Nd4 13. Nxd4 cxd4 14. Bh6 Be6 ({RR} 14... Bf5 15. Ng3 Qd7 16. a4 Rfe8 17. Bxg7 Kxg7 18. a5 c5 19. Qf4 Be6 20. Reb1 Rac8 21. axb6 axb6 22. h4 Ra8 23. h5 Bd5 24. h6+ Kg8 25. b4 Qc7 26. bxc5 bxc5 27. Qg5 Rxa1 28. Rxa1 Ra8 29. Rb1 {1-0 Becerra Rivero,J (2549)-Kraai,J (2509) Saint Louis 2011 (4)}) 15. Qf4 Bd5 16. Re2 $146 ({RR} 16. h4 Qd7 17. Re2 Qf5 18. Qxf5 gxf5 19. Bxg7 Kxg7 20. Ng3 Kg6 21. Ree1 f6 22. e6 Rad8 23. Ne2 c5 24. Nf4+ Kh6 25. a4 a5 26. f3 Rd6 27. b3 Bc6 28. Kf2 Rdd8 29. Rh1 Rg8 30. Rh3 Rd6 {½-½ Cornette,M (2418)-Bogosavljevic,B (2325) Srajber Memorial 09th 2005 (2)}) ({RR} 16. h4 f5 17. exf6 exf6 18. Bxg7 Kxg7 19. h5 gxh5 20. Ng3 Bf7 21. Nf5+ Kh8 22. Qh6 Rg8 23. Ne7 Rg7 24. Qxf6 Bd5 25. Re5 Bxg2 26. Rg5 Qxe7 27. Qxe7 Rxe7 28. Kxg2 Rg8 29. Rxg8+ Kxg8 30. Kf3 Rf7+ {0-1 Wyss,J (2275)-Stankovic,I (2294) Titled Tue 23rd Jan Early 2024 (9)}) ({RR} 16. Ng3 c5 17. h4 Qd7 18. f3 f6 19. Bxg7 Kxg7 20. Re2 f5 21. h5 Qe6 22. Kf2 Rh8 23. Rh1 Rag8 24. Qg5 Kf7 25. Ree1 Ke8 26. h6 Kd7 27. Ne2 Re8 28. Nf4 Qc6 29. e6+ Kc8 30. Re5 Bxa2 {1-0 Cuartas,C (2425)-Janosevic,D (2400) Biel-12 GM 1979 (13)}) 16... Qc7 17. Bxg7 Kxg7 18. Rae1 Rac8 19. h4 c5 20. h5 h6 21. f3 Qd7 22. e6 Qc7 23. Qh4 f5 24. Ng3 g5 25. Qh3 Qf4 26. Re5 Be4 27. dxe4 Qxe5 28. Nxf5+ Rxf5 29. Qxf5 Qf6 30. Qd5 Rc7 31. e5 Qf8 32. Qe4 Qe8 33. f4 gxf4 34. Rf1 Rc6 35. Qf5 Qg8 36. Rxf4 Qxe6 37. Rg4+ 1-0

[Event "Olympiad Women 2024"]
[Site "Budapest HUN"]
[Date "2024.09.14"]
[Round "4.28"]
[Board "3"]
[White "Thorsteinsdottir, Hallgerdur"]
[Black "Ivekovic, Tihana"]
[Result "1/2-1/2"]
[WhiteElo "1938"]
[BlackElo "2143"]
[PlyCount "79"]
[EventDate "2024.09.11"]
[WhiteTeam "Iceland"]
[BlackTeam "Croatia"]
[WhiteTeamCountry "ISL"]
[BlackTeamCountry "CRO"]

1. e4 {Yermolinsky,Alex} e5 2. Nf3 Nc6 3. Bc4 Nf6 4. d3 Bc5 5. c3 d6 6. O-O a6 7. a4 Ba7 8. Re1 O-O 9. h3 h6 10. Nbd2 Re8 11. b4 Be6 12. Bxe6 Rxe6 13. Qc2 Ne7 ({RR} 13... Qd7) 14. Nf1 Ng6 ({RR} 14... d5 15. Ng3 dxe4 16. dxe4 Qe8 17. c4 Nc6 18. Rb1 a5 19. bxa5 Nxa5 20. Rb5 Nc6 21. Nf5 Nd7 22. Ba3 Bb6 23. Rd1 Ra7 24. c5 Ba5 25. Ne3 b6 26. cxb6 Bxb6 27. Nd5 Nf6 28. Bb2 Qa8 29. Nxb6 {0-1 Caruana,F (2793)-Dominguez Perez,L (2748) Saint Louis Rapid 2024 (2.2)}) 15. Be3 ({RR} 15. c4 a5 16. bxa5 Ne7 17. Rb1 Rb8 18. Bd2 Nc6 19. Ng3 Nd7 20. Rb5 Nc5 21. Reb1 Qc8 22. Be3 Re8 23. Nf5 Ne6 24. Qd2 ({RR} 24. a6 bxa6 25. Rxb8 Bxb8 26. c5) 24... h5 25. d4 exd4 ({RR} 25... g6 26. d5 gxf5 27. exf5 Nc5 28. Bxc5 Qxf5 29. Bxa7 Nxa7 30. Rxb7) 26. N3xd4 Nexd4 27. Nxd4 Bxd4 28. Bxd4 Rxe4 ({RR} 28... Qe6 29. Rxb7 Rxb7 30. Rxb7 Qxc4 31. Bc3 Ne5 32. f3) ({RR} 28... Nxd4 29. Qxd4 g6 30. f4) 29. Bc3 Rxc4 {1-0 Karjakin,S (2776)-Carlsen,M (2851) Paris GCT Blitz 2017 (15)}) 15... Bxe3 16. Nxe3 a5 $146 ({RR} 16... c6 17. a5 d5 18. Rad1 Qc7 19. c4 d4 20. Nf5 c5 21. Rb1 Nd7 22. g3 cxb4 23. Rxb4 Nc5 24. Ra1 Nf8 25. g4 Ng6 26. g5 h5 27. Kh2 Nf4 28. Ra3 b6 29. axb6 Rxb6 30. Rxb6 Qxb6 31. Ne7+ {½-½ Dardha,D (2609)-Moroni,L (2559) Trophee Capechecs KO 2022 (1.1)}) 17. b5 d5 18. exd5 Nxd5 19. g3 Qd7 20. Nc4 Rf6 21. Ncxe5 Qxh3 22. Nxg6 Rxf3 23. Ne7+ Nxe7 24. Rxe7 Rf5 25. Qe2 Rh5 26. Qf3 Qh2+ 27. Kf1 Qh1+ 28. Ke2 Qxf3+ 29. Kxf3 Rc5 30. c4 Rd8 31. Re3 Kf8 32. Rae1 g6 33. Rh1 h5 34. Rhe1 b6 35. R1e2 Kg7 36. Re1 Kf6 37. Kg2 Kg7 38. Kf3 Kf6 39. Kg2 Kg7 40. Kf3 1/2-1/2

[Event "Olympiad Women 2024"]
[Site "Budapest HUN"]
[Date "2024.09.14"]
[Round "4.28"]
[Board "4"]
[White "Vujnovic, Patricija"]
[Black "Helgadottir, Idunn"]
[Result "1-0"]
[WhiteElo "2134"]
[BlackElo "1837"]
[PlyCount "113"]
[EventDate "2024.09.11"]
[WhiteTeam "Croatia"]
[BlackTeam "Iceland"]
[WhiteTeamCountry "CRO"]
[BlackTeamCountry "ISL"]

1. d4 Nf6 2. Nf3 d5 3. Bf4 c5 4. e3 Nc6 5. Nbd2 Bf5 6. dxc5 e6 7. b4 Nxb4 8. Bb5+ Nc6 9. Nd4 Qd7 10. N2b3 a6 11. Bxc6 $146 ({RR} 11. Ba4 Be7 12. Na5 O-O 13. Nxb7 Qxb7 14. Bxc6 Qb4+ 15. Qd2 Qxc5 16. Nxf5 exf5 17. Bxa8 Ne4 18. Qd3 Qa5+ 19. Kf1 Rxa8 20. f3 Bf6 21. Rd1 Nc3 22. Re1 g6 23. h4 h5 24. Kf2 Rc8 25. Rh3 Nxa2 {0-1 Wong,Y (2381)-Le,Q (2709) SEA Blitz 31st 2022 (3.3)}) 11... bxc6 12. Nxf5 exf5 13. Qd4 Be7 14. O-O O-O 15. Rab1 Rfe8 16. f3 a5 17. a4 Qe6 18. Qd3 Nd7 19. Nd4 Qg6 20. Nxf5 Bxc5 21. Nd4 Ne5 22. Bxe5 Qxd3 23. cxd3 Rxe5 24. Rfc1 Bb4 25. Nxc6 Rxe3 26. Nxb4 axb4 27. Rxb4 Rxd3 28. Rc7 g6 29. Rf4 f5 30. Rb4 Rd2 31. Rbb7 h5 32. a5 Ra2 33. Rg7+ Kh8 34. Rh7+ Kg8 35. Rbg7+ Kf8 36. Rxg6 R8xa5 37. Rf6+ Kg8 38. Rxh5 Rb5 39. Rg5+ Kh7 40. h4 d4 41. Rf7+ Kh8 42. Rfxf5 Rb1+ 43. Kh2 d3 44. Rf8+ Kh7 45. Rf7+ Kh6 46. Rf6+ Kh7 47. Rd5 d2 48. Rd7+ Kg8 49. Rfd6 Rbb2 50. Rc6 Rb8 51. h5 Kf8 52. h6 Ke8 53. Rcd6 Rb5 54. Rxd2 Rxd2 55. Rxd2 Rh5+ 56. Kg3 Rxh6 57. Rd5 1-0

[Event "Olympiad Women 2024"]
[Site "Budapest HUN"]
[Date "2024.09.14"]
[Round "4.29"]
[Board "1"]
[White "Movsesian, Julia"]
[Black "Shohradova, Lala"]
[Result "1-0"]
[WhiteElo "2198"]
[BlackElo "2030"]
[PlyCount "101"]
[EventDate "2024.09.11"]
[WhiteTeam "Czech Republic"]
[BlackTeam "Turkmenistan"]
[WhiteTeamCountry "CZE"]
[BlackTeamCountry "TKM"]

1. e4 {ChessBase II} e6 2. d4 d5 3. e5 c5 4. c3 Nc6 5. Nf3 Qb6 6. a3 Bd7 7. Bd3 ({RR} 7. Ra2 c4 8. Bf4 Nge7 9. Nbd2 Na5 10. Be2 Nc8 11. h4 Qc7 12. h5 h6 13. Rh3 Nb6 14. a4 ({RR} 14. Rg3) 14... Qc6 15. g4 ({RR} 15. Rg3 Nxa4 16. Qb1 b5 17. Bd1 Rb8) 15... Nxa4 16. g5 b5 ({RR} 16... O-O-O) 17. Nh2 b4 ({RR} 17... hxg5) 18. cxb4 Bxb4 19. gxh6 gxh6 20. Ng4 c3 21. Nf6+ Kd8 {0-1 Fedorchuk,S (2662)-Alsina Leal,D (2538) EU-ch 12th Aix les Bains 2011 (3)}) ({RR} 7. b4 cxd4 8. cxd4 Rc8 9. Bb2 ({RR} 9. Be3) {RR} 9... Na5 10. Nbd2 Nc4 11. Nxc4 dxc4 12. Rc1) ({RR} 7. Be2 c4 8. Nbd2) 7... cxd4 8. O-O a6 $146 ({RR} 8... dxc3 9. Nxc3 a6 10. Na4 Qc7 11. Re1 Nge7 12. Bf4 Ng6 13. Bg3 b5 14. Nc3 Be7 15. Rc1 Qb6 16. b4 Rc8 17. Na2 O-O 18. h4 f5 19. h5 Nh8 20. Qd2 Nf7 21. Bf4 h6 22. Be3 Qd8 23. Bc5 {0-1 Pavlov,I-Nikitenko,S (1895) RUS-ch Silent 2010 (3)}) ({RR} 8... Rc8 9. Re1 Nge7 10. Ng5 h6 11. Nf3 a6 12. Bc2 Qc7 13. Nxd4 Nxd4 14. Qxd4 g6 15. Bf4 Bg7 16. Nd2 Qc5 17. Qd3 Qb5 18. Nb3 Qxd3 19. Bxd3 Ba4 20. Nd4 Nc6 21. Nf3 Na5 22. Nd4 Ke7 23. Kf1 {0-1 Rodshtein,T (2149)-Shohradova,L (1873) Olympiad Women 2024 (4.29)}) ({RR} 8... dxc3 9. Nxc3 h6 10. Na4 Qc7 11. Be3 Nxe5 12. Rc1 Nxf3+ 13. Qxf3 Qd8 14. Nc5 Bxc5 15. Bxc5 Nf6 16. Bd4 Bc6 17. Qg3 O-O 18. Be3 Nh5 19. Qg4 Nf6 20. Qh3 Re8 21. Qg3 Nh5 22. Qh3 Nf6 23. Bd4 {0-1 Philipp,P-Niephaus,F Kassel (Women) 1990 (7)}) 9. Bc2 Nge7 10. cxd4 Nf5 11. Bxf5 exf5 12. Nc3 Be6 13. b4 Be7 14. Be3 O-O 15. Qd2 Rfc8 16. Rfc1 Qd8 17. Na4 a5 18. Nc5 axb4 19. axb4 Rxa1 20. Rxa1 b6 21. Nd3 Qf8 22. Ra6 Rb8 23. b5 Na5 24. Bg5 Bxg5 25. Nxg5 Qa3 26. Nxe6 fxe6 27. h3 Qa1+ 28. Ne1 Qb1 29. Ra7 h6 30. Qc3 Nc4 31. Kh2 Rf8 32. Re7 Qxb5 33. Qg3 Rf7 34. Rxe6 Kf8 35. Qg6 Qd7 36. Rc6 Re7 37. Nd3 Qe8 38. Qxf5+ Rf7 39. Qg6 b5 40. Nc5 b4 41. Ne6+ Kg8 42. Nxg7 Nxe5 43. Nxe8+ Nxg6 44. Rxg6+ Kf8 45. Nf6 b3 46. Rg8+ Ke7 47. Nxd5+ Ke6 48. Nc3 Rc7 49. Na4 Kd5 50. Rb8 Ra7 51. Nc5 1-0

[Event "Olympiad Women 2024"]
[Site "Budapest HUN"]
[Date "2024.09.14"]
[Round "4.29"]
[Board "2"]
[White "Agajanova, Meryem"]
[Black "Kanakova, Natalie"]
[Result "0-1"]
[WhiteElo "2007"]
[BlackElo "2145"]
[PlyCount "72"]
[EventDate "2024.09.11"]
[WhiteTeam "Turkmenistan"]
[BlackTeam "Czech Republic"]
[WhiteTeamCountry "TKM"]
[BlackTeamCountry "CZE"]

1. d4 f5 2. Nf3 Nf6 3. g3 g6 4. Bg2 Bg7 5. O-O O-O 6. b3 d6 7. Bb2 Qe8 8. c4 c6 9. Nbd2 Nbd7 10. Qc2 e5 11. dxe5 dxe5 12. e4 f4 13. gxf4 $146 ({RR} 13. c5 Qe7 14. b4 Ne8 15. Nc4 g5 16. Bh3 h5 17. Bf5 Bf6 18. gxf4 gxf4 19. Kh1 Nc7 20. Rg1+ Kh8 21. Qe2 Qf7 22. Nd6 Qe7 23. Nxe5 {1-0 Vypkhaniuk,I (2202)-Neporozhniy,K UKR-ch U20 sf 2002 (1)}) ({RR} 13. c5 fxg3 14. fxg3 Qe7 15. b4 b6 16. Nc4 bxc5 17. Ncxe5 Bb7 18. Qc4+ Kh8 19. Nxd7 Nxd7 20. Bxg7+ Kxg7 21. Rab1 cxb4 22. Rxb4 Nb6 23. Qc3+ Kg8 24. Qb3+ Qf7 25. Qxf7+ Rxf7 26. Rc1 Re7 27. Nd2 c5 {½-½ Van Wely,L (2585)-Smirin,I (2640) Las Palmas3 1993 (5)}) ({RR} 13. Ba3 c5 14. Rad1 h6 15. h3 g5 16. g4 h5 17. Nh2 hxg4 18. hxg4 b6 19. Bb2 Nb8 20. Ndf3 Nxg4 21. Nxg5 Nxh2 {0-1 Lima Neto,P (2058)-Mascarenhas,A (2268) Fortaleza Brazil op 2nd 2012 (6)}) 13... Nh5 14. Nxe5 Nxf4 15. Nxd7 Qxd7 16. f3 Qe7 17. Bxg7 Qg5 18. Rf2 Bh3 19. Bh6 Qxh6 20. Bf1 Rad8 21. Kh1 Qh4 22. Nb1 Rd1 23. Qxd1 Qxf2 24. Bxh3 Nxh3 25. Nc3 Qe3 26. Nd5 cxd5 27. Qxd5+ Rf7 28. e5 Nf4 29. Qe4 Qd2 30. Rg1 Nh3 31. Qe1 Qd3 32. Rg3 Rxf3 33. Kg2 Nf4+ 34. Kg1 Ne2+ 35. Kg2 Nxg3 36. e6 Re3 0-1

[Event "Olympiad Women 2024"]
[Site "Budapest HUN"]
[Date "2024.09.14"]
[Round "4.29"]
[Board "3"]
[White "Rodshtein, Tereza"]
[Black "Shohradova, Leyla"]
[Result "0-1"]
[WhiteElo "2149"]
[BlackElo "1873"]
[PlyCount "158"]
[EventDate "2024.09.11"]
[WhiteTeam "Czech Republic"]
[BlackTeam "Turkmenistan"]
[WhiteTeamCountry "CZE"]
[BlackTeamCountry "TKM"]

1. e4 e6 2. d4 d5 3. e5 c5 4. c3 Nc6 5. Nf3 Qb6 6. a3 Bd7 7. Bd3 cxd4 8. O-O Rc8 9. Re1 ({RR} 9. b4 dxc3 10. Nxc3 Nd4 11. Bb2 Nxf3+ 12. Qxf3 Ne7 13. Rac1 Ng6 14. Rfe1 Be7 15. g3 O-O 16. h4 f6 17. exf6 Bxf6 18. Nxd5 exd5 19. Qxd5+ Kh8 20. Qxd7 Rcd8 21. Qf5 Bxb2 {0-1 Zeneli,K (2231)-Belov,A (2421) Titled Tue 23rd Jul Early 2024 (4)}) 9... Nge7 10. Ng5 $146 ({RR} 10. b4 a6 11. Bb2 dxc3 12. Nxc3 Ng6 13. h4 Nf4 14. Bf1 Be7 15. Qd2 Ng6 16. h5 Nh4 17. Nxh4 Bxh4 18. h6 O-O 19. hxg7 Rfe8 20. Bd3 Ne7 21. Re3 Bg5 22. Bxh7+ Kxh7 23. Rh3+ Kg6 24. Qd3+ Nf5 {0-1 Shuvalov,E (2079)-Bharath,S (2504) Titled Tue 31st Oct Early 2023 (1)}) 10... h6 11. Nf3 a6 12. Bc2 Qc7 13. Nxd4 Nxd4 14. Qxd4 g6 15. Bf4 Bg7 16. Nd2 Qc5 17. Qd3 Qb5 18. Nb3 Qxd3 19. Bxd3 Ba4 20. Nd4 Nc6 21. Nf3 Na5 22. Nd4 Ke7 23. Kf1 b5 24. Ke2 Nb3 25. Nxb3 Bxb3 26. Kd2 Rhd8 27. Rac1 Rd7 28. Bg3 Ke8 29. f4 Bf8 30. Bf2 Bc5 31. Bd4 Rdc7 32. g4 Be7 33. Rg1 Kd7 34. Rce1 Bh4 35. Ref1 Bc4 36. Rf3 Bxd3 37. Kxd3 Be7 38. f5 Rf8 39. Rgf1 Rcc8 40. Be3 g5 41. Bd4 Rb8 42. Rh3 Rh8 43. Rh5 a5 44. b4 Ra8 45. f6 Bf8 46. h4 gxh4 47. g5 axb4 48. axb4 Ra2 49. Rh1 Ra3 50. R5xh4 Bxb4 51. Rb1 Bxc3 52. Bxc3 Rc8 53. Rc1 hxg5 54. Rb4 Rc5 55. Kd2 Kc6 56. Rc2 Rc4 57. Bd4 Rh3 58. Rcb2 Rh4 59. Rxc4+ dxc4 60. Kc3 Rh3+ 61. Kb4 Rd3 62. Bc3 g4 63. Ra2 g3 64. Ra8 Rd1 65. Rc8+ Kb6 66. Rb8+ Kc6 67. Rg8 Rb1+ 68. Ka5 b4 69. Bd4 c3 70. Rxg3 c2 71. Be3 Rb3 72. Rg2 Rxe3 73. Rxc2+ Kd5 74. Kxb4 Kxe5 75. Rc7 Kxf6 76. Kc4 Kg6 77. Kd4 Re1 78. Kd3 f5 79. Kd2 Re5 0-1

[Event "Olympiad Women 2024"]
[Site "Budapest HUN"]
[Date "2024.09.14"]
[Round "4.29"]
[Board "4"]
[White "Rejepova, Jahan"]
[Black "Novosadova, Kristyna"]
[Result "0-1"]
[WhiteElo "1915"]
[BlackElo "2066"]
[PlyCount "72"]
[EventDate "2024.09.11"]
[WhiteTeam "Turkmenistan"]
[BlackTeam "Czech Republic"]
[WhiteTeamCountry "TKM"]
[BlackTeamCountry "CZE"]

1. d4 Nf6 2. c4 c5 3. d5 b5 4. cxb5 a6 5. e3 axb5 6. Bxb5 Qa5+ 7. Nc3 Bb7 8. Bd2 Qb6 9. Nf3 Nxd5 10. Nxd5 Bxd5 11. Bc3 e6 12. a4 Be7 13. O-O O-O 14. Qe2 Qb7 15. Nd2 f5 16. f3 Na6 17. Nc4 $146 ({RR} 17. e4 fxe4 18. fxe4 Bc6 19. Rxf8+ Rxf8 20. Rf1 Bxb5 21. axb5 Nb4 22. Qg4 {1-0 Estremera Panos,S (2374)-Courbi,S (2038) Positano op-A 2008 (9)}) ({RR} 17. e4 Bc6 18. exf5 Rxf5 19. Bd3 Rf7 20. f4 Nb4 21. Bb1 Nd5 22. Qh5 Nf6 23. Qh3 Bd5 24. Bc2 Raf8 25. Rae1 g6 26. Nf3 Nh5 27. Ne5 Rxf4 28. Rxf4 Nxf4 29. Qh6 Bf6 30. Qxf4 d6 31. Qg3 Bxe5 {½-½ Lautier,J (2290)-Stangl,M (2375) Hameln Voba 1987}) 17... Bxc4 18. Bxc4 d5 19. Ba2 c4 20. Kh1 Nc5 21. a5 Bf6 22. Bd4 Qb4 23. Rab1 Rxa5 24. Bxc5 Rxc5 25. Rbd1 Ra8 26. Bb1 Qxb2 27. Rd2 Qb4 28. e4 fxe4 29. fxe4 d4 30. Rb2 d3 31. Qf2 Qxb2 32. Qxc5 Rb8 33. h4 Qe2 34. Qg1 Bd4 35. Qxd4 Qxf1+ 36. Kh2 Qxb1 0-1

[Event "Olympiad Women 2024"]
[Site "Budapest HUN"]
[Date "2024.09.14"]
[Round "4.30"]
[Board "1"]
[White "Timergazi, Layla"]
[Black "Zherebtsova, Alexandra"]
[Result "0-1"]
[WhiteElo "1979"]
[BlackElo "2239"]
[PlyCount "68"]
[EventDate "2024.09.11"]
[WhiteTeam "New Zealand"]
[BlackTeam "Montenegro"]
[WhiteTeamCountry "NZL"]
[BlackTeamCountry "MNE"]

1. d4 d5 2. c4 e6 3. Nc3 h6 4. Nf3 Nf6 5. g3 dxc4 6. Bg2 Nbd7 7. O-O a6 8. Qa4 Rb8 9. Qxc4 b5 10. Qd3 Bb7 $146 ({RR} 10... c5 11. Rd1 Bb7 12. Bf4 Rc8 13. dxc5 Bxc5 14. Bd6 Qb6 15. e3 Bxd6 16. Qxd6 Qxd6 17. Rxd6 Ke7 18. Rad1 b4 19. Na4 Rc7 20. Nb6 Bxf3 21. Bxf3 Ne5 22. Be2 a5 23. f4 Ned7 24. Nxd7 Rxd7 25. Rxd7+ {1-0 Paiva,D (2157)-Salinas Herrera,P (2494) Titled Tue 7th May Late 2024 (5)}) 11. a3 Be7 12. b4 O-O 13. e4 Nb6 14. Ne5 Nfd7 15. Qe2 Nxe5 16. dxe5 Qd4 17. Bb2 Nc4 18. Rad1 Qb6 19. Na2 c5 20. Rd7 Rfe8 21. Rfd1 Bc6 22. R7d3 a5 23. bxc5 Bxc5 24. Rb3 Red8 25. Nc3 a4 26. Nxa4 Bxf2+ 27. Kh1 Rxd1+ 28. Qxd1 Rd8 29. Qc1 Qa5 30. Nc3 Be3 31. Qa1 Rd2 32. Qe1 Bf2 33. Qc1 Rxb2 34. Rxb2 Nxb2 0-1

[Event "Olympiad Women 2024"]
[Site "Budapest HUN"]
[Date "2024.09.14"]
[Round "4.30"]
[Board "2"]
[White "Skvortsova, Alena"]
[Black "Zhang, Jasmine Haomo"]
[Result "1-0"]
[WhiteElo "2179"]
[BlackElo "1956"]
[PlyCount "59"]
[EventDate "2024.09.11"]
[WhiteTeam "Montenegro"]
[BlackTeam "New Zealand"]
[WhiteTeamCountry "MNE"]
[BlackTeamCountry "NZL"]

1. e4 c5 2. Nf3 d6 3. d4 cxd4 4. Qxd4 Nc6 5. Qd3 g6 6. Nc3 Bg7 7. Be2 Nf6 8. O-O O-O 9. Nd5 b6 ({RR} 9... Bg4 10. c3 Bxf3 11. Qxf3 Ne5 12. Nxf6+ Bxf6 13. Qg3 Qb6 14. h4 Qc6 15. f4 Nc4 16. Bd3 b5 17. Kh2 a5 18. Rb1 a4 19. h5 a3 20. b3 Nb2 21. Bxb2 axb2 22. Rxb2 Qxc3 23. Re2 Qc5 24. Qg4 {1-0 So,W (2753)-Aronian,L (2742) Levitov Chess Week Rapid 2023 (10.4)}) 10. c3 Nd7 $146 ({RR} 10... Bb7 11. Bg5 Ne5 12. Nxe5 dxe5 13. Bxf6 exf6 14. Rad1 Bxd5 15. Qxd5 Qxd5 16. Rxd5 Rfd8 17. Rfd1 Rxd5 18. Rxd5 Kf8 19. Bb5 a6 20. Bc6 Ra7 21. Rd8+ Ke7 22. Rb8 b5 23. g4 Bh6 24. Bd5 Bc1 25. b3 {1-0 Bryakin,M (2454)-Miszler,L (2301) Titled Tue 25th Jul Early 2023 (1)}) ({RR} 10... Bb7 11. Bg5 Nd7 12. Qc2 Re8 13. Rad1 h6 14. Bh4 g5 15. Bg3 Nce5 16. Nxe5 Nxe5 17. Bb5 Rf8 18. f4 gxf4 19. Rxf4 Ng6 20. Rg4 Bc8 21. Rxg6 fxg6 22. e5 Bf5 23. Qb3 Kh7 24. Nb4 Qc8 25. Bc6 {1-0 Sahakyan,A (2334)-Leitao,R (2592) Titled Tue 7th May Late 2024 (9)}) 11. Bg5 h6 12. Bh4 Re8 13. Rfd1 g5 14. Bg3 Nde5 15. Nxe5 Nxe5 16. Qd2 Be6 17. h4 gxh4 18. Bxh4 Ng6 19. Bg3 Qc8 20. a4 Qb7 21. f4 Bxd5 22. exd5 Nf8 23. Bb5 Rec8 24. Qe2 Qc7 25. Bf2 Nh7 26. Rd3 Kh8 27. Re1 Re8 28. Bxe8 Rxe8 29. Qh5 Qc4 30. Rd4 1-0